000
00293nam a22001337a 4500
008
170505b xxu||||| |||| 00| 0 eng d
020
_a
0870841823
041
_a
eng
080
_a
343.9
100
_a
15
101
_a
SHJ
245
_a
A CRIMINAL LAW ANTHOLOGY
_c
LOEWY, A.H
942
_2
udc
_c
BK
999
_c
12768
_d
12768